Block theory and its application to rock engineering / (Record no. 546414)

000 -LEADER
fixed length control field 00675cam a2200205 a 4500
020 ## - INTERNATIONAL STANDARD BOOK NUMBER
International Standard Book Number 0130781894
082 00 - DEWEY DECIMAL CLASSIFICATION NUMBER
Classification number 624.15132
Author Mark GOO
-- D
100 1# - MAIN ENTRY--PERSONAL NAME
Personal name Goodman, Richard E.
9 (RLIN) 25576
245 10 - TITLE STATEMENT
Title Block theory and its application to rock engineering /
Statement of responsibility, etc. Richard E. Goodman, Gen-hua Shi.
260 ## - PUBLICATION, DISTRIBUTION, ETC.
Place of publication, distribution, etc. Englewood Cliffs, N.J. :
Name of publisher, distributor, etc. Prentice-Hall,
Date of publication, distribution, etc. c1985.
300 ## - PHYSICAL DESCRIPTION
Extent xiv, 338 p. :
Other physical details ill. ;
Dimensions 24 cm.
500 ## - GENERAL NOTE
General note Includes index.
526 ## - STUDY PROGRAM INFORMATION NOTE
Program name 0
Interest level 0
Reading level 0
Title point value 624_151320000000000_GOO
650 #0 - SUBJECT ADDED ENTRY--TOPICAL TERM
Topical term or geographic name entry element Block theory (Rock mechanics)
9 (RLIN) 42537
650 #0 - SUBJECT ADDED ENTRY--TOPICAL TERM
Topical term or geographic name entry element D
9 (RLIN) 6527
650 #0 - SUBJECT ADDED ENTRY--TOPICAL TERM
Topical term or geographic name entry element Rock excavation.
9 (RLIN) 42508
650 #0 - SUBJECT ADDED ENTRY--TOPICAL TERM
Topical term or geographic name entry element Rock mechanics.
9 (RLIN) 23489
700 1# - ADDED ENTRY--PERSONAL NAME
Personal name Shi, Gen-hua,
9 (RLIN) 42538
942 ## - ADDED ENTRY ELEMENTS (KOHA)
Source of classification or shelving scheme
Koha item type Book
Holdings
Withdrawn status Lost status Source of classification or shelving scheme Damaged status Not for loan Permanent Location Current Location Date acquired Total Checkouts Full call number Barcode Date last seen Price effective from Koha item type
          Military College of Engineering (MCE) Military College of Engineering (MCE) 06/11/2014   624.15132 GOO MCE-44885 06/11/2014 06/11/2014 Book
© 2023 Central Library, National University of Sciences and Technology. All Rights Reserved.